| 000 | 00899nam a22002777a 4500 | ||
|---|---|---|---|
| 001 | BR9208335 | ||
| 003 | BR-BrBNA | ||
| 005 | 20230928093704.0 | ||
| 007 | ta | ||
| 008 | 230509b bl.||||| |||| 00| 0 por d | ||
| 040 |
_aBR-BrBNA _bpor _cBiblioteca Nacional de Agricultura |
||
| 041 | _a(Por) | ||
| 072 |
_aF04; P35 _b/G514 |
||
| 090 | _ F04 BR9208335 | ||
| 110 | 1 |
_aCentro Nacional de Pesquisa de Soja, Londrina, PR (Brasil); _91793 |
|
| 110 | 1 | _aFundacao Instituto Agronomico do Parana, Londrina (Brasil) | |
| 111 | 1 |
_a17. Reuniao Brasileira de Fertilidade do Solo _cLondrina, PR (Brazil) _d27 Jul-1 Aug 1986 |
|
| 245 | 1 | _aResumos da 17. Reuniao Brasileira de Fertilidade do Solo | |
| 260 | 3 |
_aLondrina, PR (Brasil): _c1986. |
|
| 300 | _a75 p. | ||
| 650 | _aADUBACAO | ||
| 650 | _aFERTILIZANTE | ||
| 650 | _aFERTILIDADE DO SOLO | ||
| 909 |
_a202309 _bLucia _c55 _dLucia Elande |
||
| 942 | _cBK | ||
| 999 |
_c46492 _d46492 |
||